Statystyki dla 10 Krajów gdzie się najlepiej zarabia (na rok 2015)

Kliknij tutaj aby rozwiązać quiz!

Ogólne statystyki

  • Ten quiz został rozwiązany 2 480 razy
  • Średni wynik to 8 z 10

Statystyki odpowiedzi

#KontynentZarobekKraj% Poprawnych
8Europa2,851$Niemcy
97%
4Ameryka Północna3,258$Stany Zjednoczone
95%
10Ameryka Północna2,773$Kanada
89%
2Oceania3,780$Australia
86%
1Europa6,301$Szwajcaria
86%
9Azja2,782$Japonia
82%
6Europa2,960$Wielka Brytania
82%
7Europa2,937$Holandia
80%
3Europa3,269$Dania
72%
5Europa2,991$Irlandia
63%

Rozkład punktacji

Percentyl według liczby udzielonych odpowiedzi

Procent ludzi z każdym wynikiem

Twoja historia wyników

Nie rozwiązałeś tego quizu